| 000 | 01173cam a22003014a 4500 | ||
|---|---|---|---|
| 001 | 11770062 | ||
| 003 | ARRUPE | ||
| 005 | 20131202145500.0 | ||
| 008 | 990809s1999 pau b 000 0 eng | ||
| 010 | _a 99045070 | ||
| 020 | _a1563382873 | ||
| 035 | _a(DLC) 99045070 | ||
| 040 |
_aDLC _cDLC _dDLC |
||
| 042 | _apcc | ||
| 050 | 0 | 0 |
_aBR115.T42 _bC66 1999 |
| 082 | 0 | 0 |
_a261.5/6 _221 |
| 100 | 1 |
_aConway, Ruth. _94572 |
|
| 245 | 1 | 0 |
_aChoices at the heart of technology : _ba Christian perspective / _cRuth Conway. |
| 260 |
_aHarrisburg, Pa. : _bTrinity Press International, _cc1999. |
||
| 300 |
_axii, 125 p. ; _c19 cm. |
||
| 440 | 0 |
_aChristian mission and modern culture _94573 |
|
| 504 | _aIncludes bibliographical references (p. 119-125). | ||
| 650 | 0 |
_aTechnology _xReligious aspects _xChristianity. _94574 |
|
| 856 | 4 | 2 |
_3Contributor biographical information _uhttp://www.loc.gov/catdir/enhancements/fy1117/99045070-b.html |
| 906 |
_a7 _bcbc _corignew _d1 _eocip _f19 _gy-gencatlg |
||
| 942 |
_2lcc _cMONOGRAPH |
||
| 999 |
_c118894 _d118894 |
||